عرض عادي
عرض مارك
- فياض، شريف
دخول Personal Name
001 - CONTROL NUMBER
- control field: 30197
003 - CONTROL NUMBER IDENTIFIER
- control field: AE-AdECS
005 - DATE AND TIME OF LATEST TRANSACTION
- control field: 20260609083655.0
008 - FIXED-LENGTH DATA ELEMENTS
- fixed length control field: 260609|| aca||aabn | a|a d
040 ## - CATALOGING SOURCE
- Original cataloging agency: AE-AdECS
- Transcribing agency: AE-AdECS
100 ## - HEADING--PERSONAL NAME
- Personal name: فياض، شريف
670 ## - SOURCE DATA FOUND
- Source citation: Work cat.: (AE-AdECS)295249: أمين، سمير مؤلف. 30188, السياسات الزراعية والمسألة الفلاحية في مصر /
